[Event "Wch Seniors 65 31st"]
[Site "Terassini"]
[Date "2023.10.28"]
[Round "4"]
[White "Vaganian, Rafael A"]
[Black "Gueci, Riccardo"]
[Result "1-0"]
[WhiteElo "2493"]
[BlackElo "2048"]
[PlyCount "91"]
[EventDate "2023.10.25"]
[EventType "swiss"]
[EventRounds "11"]
[EventCountry "ITA"]
[SourceTitle "Mega2024 Update 01"]
[Source "Chessbase"]
[SourceDate "2023.11.12"]
[SourceVersion "1"]
[SourceVersionDate "2023.11.12"]
[SourceQuality "1"]

1. d4 d6 2. e4 Nf6 3. Nc3 Nbd7 4. g3 e5 5. Nge2 c6 6. Bg2 Be7 7. a4 a5 8. 0-0 0-0 9. h3 h6 10. b3 Re8 11. Be3 Nf8 12. Qd2 Ng6 13. Rad1 Qc7 14. f4 Bf8 15. dxe5 dxe5 16. f5 Ne7 17. g4 Kh7 18. Ng3 Neg8 19. Qf2 Qe7 20. Bf3 Nd7 21. Kg2 Qh4 22. Rd3 Be7 23. Rfd1 Nf8 24. Bb6 Nf6 25. Qd2 N6d7 26. Bf2 Qg5 27. Nb1 Qxd2 28. Nxd2 Nc5 29. Rc3 Nfd7 30. Nc4 f6 31. Be2 b5 32. Nd6 Bxd6 33. Rxd6 b4 34. Rxc5 Nxc5 35. Bxc5 Ba6 36. Bxa6 Rxa6 37. Nf1 h5 38. Nd2 hxg4 39. hxg4 Kg8 40. Nc4 Rb8 41. Rd7 Kh7 42. Kf3 Kg8 43. g5 fxg5 44. Kg4 Raa8 45. Be7 c5 46. Kxg5 1-0